[Event "XV Festival B"]
[Site "Padova ITA"]
[Date "2012.12.16"]
[Round "2"]
[White "Rigo, Mario"]
[Black "De Marchi, Alessandro"]
[WhiteElo "1503"]
[BlackElo "1713"]
[Result "0-1"]
[PlyCount "51"]
[EventDate "2012.12.15"]

1. e4 c5 2. Nc3 Nc6 3. d3 g6 4. g3 Bg7 5. Bg2 a6 6. Be3 d6 7. f4 Bd7 8. Nf3 b5
9. Rb1 b4 10. Ne2 Nf6 11. h3 O-O 12. O-O Qc8 13. g4 e5 14. f5 gxf5 15. gxf5 Kh8
16. Kh2 Nd4 17. Ng3 Qc7 18. Qd2 d5 19. c3 bxc3 20. bxc3 Nxf3+ 21. Bxf3 d4 22.
cxd4 cxd4 23. Bg5 Rfc8 24. Bd1 Rab8 25. Bb3 Be8 26. Qe2 {...} 0-1

[Event "XV Festival B"]
[Site "Padova ITA"]
[Date "2012.12.16"]
[Round "2"]
[White "Rigoni, Vinicio"]
[Black "Dragojlovic, Andjelko"]
[WhiteElo "1912"]
[BlackElo "2351"]
[Result "0-1"]
[PlyCount "58"]
[EventDate "2012.12.15"]

1. d4 g6 2. Nf3 Bg7 3. c3 d6 4. Bg5 f6 5. Bf4 c6 6. e4 e5 7. dxe5 fxe5 8. Bg5
Nf6 9. Qb3 Nbd7 10. Qe6+ Qe7 11. Qxe7+ Kxe7 12. Bd3 Nc5 13. Bc2 h6 14. Bxf6+
Bxf6 15. Nbd2 a5 16. Nc4 Be6 17. Ne3 a4 18. O-O b5 19. h3 Bf7 20. Rfd1 Rab8 21.
Ng4 Bg7 22. a3 h5 23. Ngh2 Bh6 24. h4 Bc4 25. Ng5 Bxg5 26. hxg5 Ne6 27. Rd2
Nxg5 28. Rad1 Rbd8 29. f4 exf4 0-1

[Event "XV Festival B"]
[Site "Padova ITA"]
[Date "2012.12.16"]
[Round "2"]
[White "Rosina, Graziano"]
[Black "Montoli, Marco"]
[WhiteElo "1789"]
[BlackElo "1938"]
[Result "1/2-1/2"]
[PlyCount "58"]
[EventDate "2012.12.15"]

1. Nf3 Nf6 2. c4 g6 3. g3 Bg7 4. Bg2 c6 5. O-O d5 6. cxd5 cxd5 7. d4 O-O 8. Nc3
Ne4 9. Qb3 Nc6 10. Rd1 Nxc3 11. Qxc3 Bf5 12. Bf4 Rc8 13. Qa3 Qb6 14. Be3 Rfd8
15. b3 Bf8 16. Qb2 Be4 17. Ne5 Bxg2 18. Kxg2 e6 19. Nxc6 Rxc6 20. Rac1 Rdc8 21.
Rxc6 Rxc6 22. Rc1 Bg7 23. Rxc6 Qxc6 24. f3 a6 25. Bd2 h5 26. Qc3 Qxc3 27. Bxc3
Kf8 28. Kf2 Ke8 29. h3 Bf6 1/2-1/2

[Event "XV Festival B"]
[Site "Padova ITA"]
[Date "2012.12.16"]
[Round "2"]
[White "Simioni, Tiziano"]
[Black "Fragni, Enrico"]
[WhiteElo "1781"]
[BlackElo "1659"]
[Result "0-1"]
[PlyCount "72"]
[EventDate "2012.12.15"]

1. e4 d6 2. f4 e5 3. Nf3 Bg4 4. Bc4 Nf6 5. d3 Be7 6. O-O O-O 7. Qe1 Bxf3 8.
Rxf3 Nc6 9. Nc3 Na5 10. Bb3 Nxb3 11. axb3 c6 12. fxe5 dxe5 13. Ne2 Kh8 14. h3
Nh5 15. Be3 a6 16. Rd1 c5 17. Qc3 Qd6 18. Ng3 Nxg3 19. Rxg3 b6 20. Qe1 Bh4 21.
c3 f5 22. Bg5 Bxg3 23. Qxg3 f4 24. Qf3 Qg6 25. Bh4 Qh6 26. Bf2 Rad8 27. d4 cxd4
28. cxd4 exd4 29. Bxd4 Rd7 30. Qc3 f3 31. gxf3 Qxh3 32. Kf2 Qh2+ 33. Ke3 Rdf7
34. Rf1 Qg2 35. Rf2 Rxf3+ 36. Ke2 Rxf2+ 0-1

[Event "XV Festival B"]
[Site "Padova ITA"]
[Date "2012.12.16"]
[Round "2"]
[White "Simonetto, Alessio"]
[Black "Tissino, Tiziano"]
[WhiteElo "1572"]
[BlackElo "1776"]
[Result "0-1"]
[PlyCount "64"]
[EventDate "2012.12.15"]

1. f4 d5 2. e3 c5 3. Nf3 a6 4. b3 Nc6 5. Bb2 e6 6. Be2 Nf6 7. O-O Be7 8. h3 O-O
9. d3 b5 10. Nbd2 Nd7 11. c4 d4 12. exd4 cxd4 13. Nxd4 Bc5 14. N2f3 Nf6 15. Kh1
Nxd4 16. Ne5 Nxe2 17. Qxe2 Bb7 18. d4 Bd6 19. c5 Bxe5 20. dxe5 Ne4 21. Kh2 Qd2
22. Qxd2 Nxd2 23. Rfd1 Rfd8 24. Rac1 Bc6 25. b4 Rd5 26. h4 Rad8 27. Kh3 Rd3+
28. g3 Bf3 29. Re1 h5 30. Rc2 Nc4 31. Bc1 Rd1 32. Rxd1 Rxd1 0-1

[Event "XV Festival B"]
[Site "Padova ITA"]
[Date "2012.12.16"]
[Round "2"]
[White "Sinato, Fabrizio"]
[Black "Negro, Roberto"]
[WhiteElo "1862"]
[BlackElo "2156"]
[Result "0-1"]
[PlyCount "71"]
[EventDate "2012.12.15"]

1. e4 g6 2. d4 Bg7 3. Nc3 d6 4. f4 a6 5. Nf3 b5 6. Be3 Bb7 7. Bd3 b4 8. Ne2 Nf6
9. Ng3 Nbd7 10. O-O c5 11. Qd2 Ng4 12. Rae1 Rc8 13. e5 O-O 14. dxc5 Nxe3 15.
Qxe3 Nxc5 16. Be2 Qa5 17. a3 bxa3 18. bxa3 Qa4 19. Nd4 dxe5 20. fxe5 Nd7 21.
Nf3 Bxf3 22. Qxf3 Nxe5 23. Qb7 Qxa3 24. Qxa6 Qxa6 25. Bxa6 Rxc2 26. Ne4 Ra8 27.
Bb7 Ra7 28. Bd5 e6 29. Bb3 Rb2 30. Bd1 Raa2 31. Rf2 Nd3 32. Rxb2 Rxb2 33. Rf1
f5 34. Nf2 Bd4 35. Kh1 Nxf2+ 36. Kg1 0-1

[Event "XV Festival B"]
[Site "Padova ITA"]
[Date "2012.12.16"]
[Round "2"]
[White "Tomio, Dante"]
[Black "Zamengo, Fulvio"]
[WhiteElo "1845"]
[BlackElo "2068"]
[Result "0-1"]
[PlyCount "54"]
[EventDate "2012.12.15"]

1. d4 Nf6 2. Nf3 e6 3. Bg5 h6 4. Bh4 g5 5. Bg3 Nh5 6. e3 d6 7. Bd3 Bg7 8. Nc3
Nd7 9. Nd2 Nxg3 10. hxg3 e5 11. Qe2 O-O 12. d5 f5 13. O-O-O a6 14. g4 e4 15.
Bc4 b5 16. Bb3 Nc5 17. f3 Qf6 18. a3 a5 19. Rdf1 b4 20. Nd1 bxa3 21. Kb1 a4 22.
Bc4 Rb8 23. Bb5 axb2 24. fxe4 a3 25. e5 Qxe5 26. Nc4 a2+ 27. Kxa2 b1=Q+ 0-1

[Event "XV Festival B"]
[Site "Padova ITA"]
[Date "2012.12.16"]
[Round "2"]
[White "Zanini, Andrea"]
[Black "Barp, Alberto"]
[WhiteElo "1662"]
[BlackElo "1886"]
[Result "0-1"]
[PlyCount "56"]
[EventDate "2012.12.15"]

1. b3 d5 2. Bb2 c5 3. e3 Nf6 4. Nf3 Bg4 5. h3 Bh5 6. g4 Bg6 7. Ne5 a6 8. h4 d4
9. Bg2 Qb6 10. Nxg6 hxg6 11. Na3 dxe3 12. dxe3 Nc6 13. Bxc6+ Qxc6 14. f3 Nxg4
15. Qe2 Rd8 16. Nc4 b5 17. Nd2 Nf6 18. O-O-O e6 19. e4 Be7 20. Rh3 O-O 21. Rdh1
Nh5 22. Be5 c4 23. Kb1 c3 24. Rd1 cxd2 25. Rxd2 Qc5 26. Bh2 Qc3 27. Rxd8 Rxd8
28. Qf1 Ba3 0-1

[Event "XV Festival B"]
[Site "Padova ITA"]
[Date "2012.12.16"]
[Round "2"]
[White "Zavan, Fabrizio"]
[Black "Pisani, Valerio"]
[WhiteElo "1534"]
[BlackElo "1731"]
[Result "1/2-1/2"]
[PlyCount "60"]
[EventDate "2012.12.15"]

1. e4 e6 2. d4 d5 3. Nc3 Nf6 4. e5 Nfd7 5. Bd3 c5 6. Nf3 Nc6 7. dxc5 Bxc5 8.
Bf4 a6 9. O-O Nf8 10. Ne2 Ng6 11. Bg3 Qc7 12. Bxg6 hxg6 13. Re1 Bd7 14. Ned4
Be7 15. c3 Na5 16. Nd2 Bh4 17. Qf3 Bxg3 18. Qxg3 Rh5 19. h3 Qd8 20. f4 Qe7 21.
b4 Nc6 22. Nxc6 Bxc6 23. a3 g5 24. Nf3 gxf4 25. Qxf4 O-O-O 26. Rac1 Bb5 27.
Red1 Rdh8 28. Kh2 f5 29. Qe3 Qc7 30. Rd4 Bc4 1/2-1/2

[Event "XV Festival B"]
[Site "Padova ITA"]
[Date "2012.12.16"]
[Round "3"]
[White "Alfier, Cecilia"]
[Black "Simonetto, Alessio"]
[WhiteElo "1680"]
[BlackElo "1572"]
[Result "1/2-1/2"]
[PlyCount "26"]
[EventDate "2012.12.15"]

1. e4 e5 2. Nf3 Nc6 3. Bb5 a6 4. Ba4 b5 5. Bb3 Bb7 6. d3 h6 7. O-O Nf6 8. c3
Be7 9. Bc2 d6 10. a4 O-O 11. b4 d5 12. Nbd2 dxe4 13. dxe4 Qd7 1/2-1/2

[Event "XV Festival B"]
[Site "Padova ITA"]
[Date "2012.12.16"]
[Round "3"]
[White "Barp, Alberto"]
[Black "Bergamasco, Tommaso"]
[WhiteElo "1886"]
[BlackElo "1685"]
[Result "1-0"]
[PlyCount "55"]
[EventDate "2012.12.15"]

1. d4 f5 2. e4 fxe4 3. Nc3 e6 4. Nxe4 Nf6 5. Bd3 d5 6. Nxf6+ Qxf6 7. Nf3 Be7 8.
Bg5 Qf8 9. Be3 g6 10. h4 c5 11. c3 Nd7 12. h5 gxh5 13. Ng5 Nf6 14. Bb5+ Kd8 15.
Be2 h6 16. Nh3 h4 17. Nf4 Qg7 18. c4 cxd4 19. Qxd4 Bd6 20. Nd3 e5 21. Nxe5 Qxg2
22. O-O-O Be6 23. Nf7+ Ke7 24. Nxd6 dxc4 25. Rhg1 Qd5 26. Rg7+ Kxd6 27. Qxf6
Raf8 28. Rxd5+ 1-0

[Event "XV Festival B"]
[Site "Padova ITA"]
[Date "2012.12.16"]
[Round "3"]
[White "Basso, Pier Luigi"]
[Black "Aprile, Martino"]
[WhiteElo "2186"]
[BlackElo "1947"]
[Result "1-0"]
[PlyCount "85"]
[EventDate "2012.12.15"]

1. e4 c6 2. d4 d5 3. Nc3 dxe4 4. Nxe4 Nd7 5. Bd3 Ngf6 6. Ng3 e6 7. N1e2 Bd6 8.
c3 Qc7 9. O-O b6 10. Kh1 Bb7 11. a4 c5 12. a5 c4 13. Bb1 b5 14. f3 h5 15. Ne4
Bxh2 16. g3 Nxe4 17. Bxe4 Bxe4 18. Bf4 e5 19. dxe5 Bd3 20. e6 Ne5 21. Kxh2 f6
22. Nd4 a6 23. Rh1 O-O-O 24. Kg2 Qb7 25. Re1 Rd5 26. Qc1 g5 27. Bxe5 fxe5 28.
Nc2 e4 29. Nb4 exf3+ 30. Kf2 Rf5 31. e7 Re8 32. Qe3 Rf6 33. Qc5+ Kd7 34. Qxg5
Qa7+ 35. Re3 Rf5 36. Qg7 Kc8 37. Rd1 Qd7 38. Nxd3 Rd5 39. Qg6 Rd6 40. Nc5 Rd2+
41. Rxd2 Qxd2+ 42. Kxf3 Qd5+ 43. Kf4 1-0

[Event "XV Festival B"]
[Site "Padova ITA"]
[Date "2012.12.16"]
[Round "3"]
[White "Daccico, Gianni"]
[Black "Desideri, Leonardo"]
[WhiteElo "1666"]
[BlackElo "1564"]
[Result "0-1"]
[PlyCount "109"]
[EventDate "2012.12.15"]

1. e4 c5 2. Bc4 d6 3. Nc3 Nf6 4. d3 a6 5. Nf3 b5 6. Bb3 Bb7 7. Bd2 g6 8. O-O
Bg7 9. Re1 Nbd7 10. Qc1 h5 11. Ng5 O-O 12. Nf3 Ng4 13. h3 Nge5 14. Nh4 e6 15.
g3 Bf6 16. Re3 Bxh4 17. gxh4 Qf6 18. Qd1 c4 19. dxc4 bxc4 20. Ba4 Nc5 21. Rg3
Nxe4 22. Nxe4 Bxe4 23. Qxh5 Nf3+ 24. Rxf3 Qxf3 25. Qxf3 Bxf3 26. c3 Rab8 27. b4
cxb3 28. axb3 Rfc8 29. b4 Bc6 30. Bc2 Bb5 31. Kg2 Rc4 32. Kg3 Rbc8 33. Ra3 d5
34. Bd3 R4c6 35. Bb1 e5 36. f3 d4 37. cxd4 exd4 38. Kg4 Be2 39. Kg3 Rc3 40.
Bxc3 Rxc3 41. Rxc3 dxc3 42. Bc2 Kg7 43. f4 Bf1 44. Kf2 Bxh3 45. Ke3 Kf6 46. Kd4
Bf5 47. Kxc3 Bxc2 48. Kxc2 Kf5 49. Kc3 Kxf4 50. Kc4 Kg4 51. Kc5 f5 52. Kb6 f4
53. Kxa6 f3 54. b5 f2 55. b6 0-1

[Event "XV Festival B"]
[Site "Padova ITA"]
[Date "2012.12.16"]
[Round "3"]
[White "Desideri, Alessandro"]
[Black "Pozzobon, Davide"]
[WhiteElo "1788"]
[BlackElo "1899"]
[Result "1-0"]
[PlyCount "54"]
[EventDate "2012.12.15"]

1. e4 c5 2. Nf3 d6 3. d3 Nc6 4. g3 g6 5. Bg2 Bg7 6. O-O b5 7. Re1 e6 8. c3 Nge7
9. Bf4 e5 10. Be3 O-O 11. h4 a5 12. h5 b4 13. hxg6 hxg6 14. d4 c4 15. d5 Nb8
16. Nbd2 Qc7 17. Bf1 Ba6 18. Ng5 Nd7 19. Rc1 Nb6 20. Qg4 Rfc8 21. Qf3 Rf8 22.
Qh1 Rfc8 23. Qh7+ Kf8 24. Bh3 Nd7 25. Be6 f6 26. Bxd7 fxg5 27. Be6 Bf6 1-0

[Event "XV Festival B"]
[Site "Padova ITA"]
[Date "2012.12.16"]
[Round "3"]
[White "Donsbach, Peter"]
[Black "Zanini, Andrea"]
[WhiteElo "1554"]
[BlackElo "1662"]
[Result "0-1"]
[PlyCount "60"]
[EventDate "2012.12.15"]

1. e4 b6 2. d4 Bb7 3. Nc3 e6 4. Bd3 Nf6 5. f3 Be7 6. Nge2 O-O 7. O-O d5 8. e5
Nfd7 9. Ng3 c5 10. Be3 cxd4 11. Bxd4 Nc6 12. Nce2 Nxd4 13. Nxd4 Nxe5 14. Be2
Bc5 15. c3 Rc8 16. Kh1 Qh4 17. f4 Nc4 18. Bxc4 dxc4 19. Qd2 Rfd8 20. Rad1 f6
21. Nf3 Rxd2 22. Nxh4 Rxb2 23. Rd7 Bd5 24. Nh5 Bf8 25. Rxa7 Ra8 26. Rxa8 Bxa8
27. Ra1 Rc2 28. a4 Rxc3 29. a5 bxa5 30. h3 Rxh3+ 0-1

[Event "XV Festival B"]
[Site "Padova ITA"]
[Date "2012.12.16"]
[Round "3"]
[White "Dragojlovic, Andjelko"]
[Black "Boscolo, Marco"]
[WhiteElo "2351"]
[BlackElo "2145"]
[Result "1-0"]
[PlyCount "92"]
[EventDate "2012.12.15"]

1. g3 e5 2. c4 g6 3. d4 d6 4. Nf3 Nd7 5. Nc3 Bg7 6. Bg2 Ngf6 7. O-O O-O 8. b3
Re8 9. Bb2 c6 10. Rc1 a5 11. Qd2 e4 12. Ne1 e3 13. fxe3 Bh6 14. Nc2 Ng4 15. Rf4
f5 16. h3 Ngf6 17. Qd3 Qe7 18. Rcf1 Nh5 19. R4f3 Ndf6 20. d5 c5 21. Na4 Ne4 22.
Nb6 Rb8 23. Nxc8 Rbxc8 24. g4 Nhg3 25. gxf5 gxf5 26. Rxf5 Nxf1 27. Rxf1 Bg7 28.
Bxg7 Qxg7 29. Rf4 Nf6 30. e4 Re5 31. Qf3 Rf8 32. Ne3 Nxe4 33. Nf5 Ng5 34. Qd3
Qg6 35. Nh4 Qxd3 36. Rxf8+ Kxf8 37. exd3 Re2 38. Nf5 Nf7 39. Bf3 Re5 40. Be4
Re8 41. a4 Ra8 42. h4 Ra6 43. Kf2 Rb6 44. d4 Rxb3 45. dxc5 dxc5 46. d6 Rb4 {...
} 1-0

[Event "XV Festival B"]
[Site "Padova ITA"]
[Date "2012.12.16"]
[Round "3"]
[White "Fragni, Enrico"]
[Black "Tomio, Dante"]
[WhiteElo "1659"]
[BlackElo "1845"]
[Result "0-1"]
[PlyCount "49"]
[EventDate "2012.12.15"]

1. Nf3 d5 2. d4 Nf6 3. Nbd2 c6 4. c4 e6 5. e3 Nbd7 6. Bd3 Bd6 7. O-O O-O 8. b3
e5 9. dxe5 Nxe5 10. Qc2 Nxd3 11. Qxd3 dxc4 12. Qxc4 Be6 13. Qc2 Qe7 14. Bb2
Rfd8 15. h3 h6 16. Ne4 Nxe4 17. Qxe4 Bd5 18. Qxe7 Bxe7 19. Nh2 a5 20. Ng4 a4
21. bxa4 Rxa4 22. a3 Rda8 23. Ne5 Bxa3 24. Bxa3 Rxa3 25. Rab1 {...} 0-1

[Event "XV Festival B"]
[Site "Padova ITA"]
[Date "2012.12.16"]
[Round "3"]
[White "Gennari, Andrea"]
[Black "Alessi, Giovanni"]
[WhiteElo "1506"]
[BlackElo "1633"]
[Result "1-0"]
[PlyCount "91"]
[EventDate "2012.12.15"]

1. d4 e6 2. c4 d5 3. Nc3 Nf6 4. Nf3 a6 5. Bg5 Nbd7 6. cxd5 Bb4 7. e4 exd5 8. e5
h6 9. Bxf6 Bxc3+ 10. bxc3 Nxf6 11. exf6 Qxf6 12. Be2 O-O 13. O-O b5 14. Ne5 c5
15. Bg4 Qd6 16. Re1 g6 17. Bf3 c4 18. Ng4 Kg7 19. Qd2 g5 20. Re5 f5 21. Ne3 Be6
22. Nxd5 g4 23. Nf4 Rf6 24. Nxe6+ Rxe6 25. Rxe6 Qxe6 26. Bxa8 Qd6 27. Re1 a5
28. Re5 b4 29. Rxa5 b3 30. axb3 cxb3 31. Qb2 Qe7 32. g3 Kg6 33. Bb7 Kg7 34. Rb5
h5 35. Rxb3 f4 36. gxf4 h4 37. Qb1 g3 38. fxg3 Qe3+ 39. Kg2 Qe2+ 40. Kh3 hxg3
41. Kxg3 Qe3+ 42. Bf3 Qe8 43. Rb7+ Kf6 44. Qb6+ Kf5 45. Qb5+ Qxb5 46. Rxb5+ 1-0

[Event "XV Festival B"]
[Site "Padova ITA"]
[Date "2012.12.16"]
[Round "3"]
[White "Gennari, Jacopo"]
[Black "Rigo, Mario"]
[WhiteElo "1837"]
[BlackElo "1503"]
[Result "1-0"]
[PlyCount "51"]
[EventDate "2012.12.15"]

1. d4 Nf6 2. c4 g6 3. Nc3 Bg7 4. e4 d6 5. f3 O-O 6. Be3 e5 7. Nge2 Nc6 8. d5
Ne7 9. Qd2 Ne8 10. g4 f6 11. O-O-O c6 12. h4 a6 13. Ng3 c5 14. Bd3 Rb8 15. Qh2
Nc7 16. Bd2 b5 17. g5 f5 18. h5 f4 19. Nf1 Bd7 20. Qh4 b4 21. Ne2 a5 22. Nh2 a4
23. Ng4 Ne8 24. hxg6 hxg6 25. Qh7+ Kf7 26. Nh6# 1-0

[Event "XV Festival B"]
[Site "Padova ITA"]
[Date "2012.12.16"]
[Round "3"]
[White "Licandro, Michele"]
[Black "Bellon, Antonio"]
[WhiteElo "1572"]
[BlackElo "1668"]
[Result "0-1"]
[PlyCount "132"]
[EventDate "2012.12.15"]

1. d4 d6 2. Bf4 Nf6 3. e3 b6 4. Bd3 Bb7 5. Nf3 Nbd7 6. O-O g6 7. c4 Bg7 8. Nbd2
O-O 9. Rb1 c5 10. d5 b5 11. b3 bxc4 12. bxc4 Nb6 13. Ng5 Ba6 14. e4 Nfd7 15.
Qg4 Ne5 16. Bxe5 Bxe5 17. Qh3 h5 18. f4 Bc8 19. Qg3 Bd4+ 20. Kh1 Nd7 21. Ngf3
Kh8 22. Nxd4 cxd4 23. Qg5 Nf6 24. Qh6+ Nh7 25. Nf3 Rg8 26. Ng5 Rg7 27. f5 gxf5
28. Nxh7 Rxh7 29. Qg5 f6 30. Qf4 Qg8 31. exf5 Ba6 32. Qxd4 Qg5 33. Qf4 Rg7 34.
Qxg5 Rxg5 35. Rb4 Rc8 36. Rfb1 Rc7 37. Rb8+ Kg7 38. R1b4 Bc8 39. h3 Bxf5 40.
Bxf5 Rxf5 41. Ra8 Rf4 42. Rbb8 Rfxc4 43. Rg8+ Kh6 44. Rh8+ Kg5 45. Rag8+ Kf4
46. Rxh5 Rc1+ 47. Kh2 Rf1 48. Rg4+ Ke3 49. Rb4 Rf4 50. Rb3+ Kd2 51. Rh7 Rd4 52.
Rb2+ Kc3 53. Re2 Rxd5 54. Rhxe7 Rxe7 55. Rxe7 a5 56. Re6 f5 57. h4 f4 58. Rf6
Kb2 59. Rxf4 Kxa2 60. Kh3 Kb3 61. Kg4 a4 62. Rf8 a3 63. Kf4 a2 64. Rb8+ Kc2 65.
Ke4 a1=Q 66. Rc8+ Rc5 0-1

[Event "XV Festival B"]
[Site "Padova ITA"]
[Date "2012.12.16"]
[Round "3"]
[White "Marangoni, Simone"]
[Black "Renier, Renzo"]
[WhiteElo "1877"]
[BlackElo "2006"]
[Result "0-1"]
[PlyCount "86"]
[EventDate "2012.12.15"]

1. d4 Nf6 2. c4 g6 3. Nc3 d5 4. Nf3 Bg7 5. e3 O-O 6. Be2 c5 7. O-O cxd4 8. exd4
Nc6 9. c5 Bg4 10. h3 Bxf3 11. Bxf3 e6 12. Bg5 Qa5 13. Be3 Nd7 14. a3 Qd8 15.
Rb1 Qf6 16. Ne2 a5 17. Qd2 h6 18. b4 axb4 19. axb4 Kh7 20. Ra1 Rxa1 21. Rxa1 e5
22. Rd1 e4 23. Bg4 Qd8 24. b5 Na5 25. Nc3 Nc4 26. Qc2 Nxe3 27. fxe3 f5 28. Be2
Nf6 29. b6 Qb8 30. Nb5 Qg3 31. Qd2 f4 32. exf4 e3 33. Qe1 Qxf4 34. Nd6 Nd7 35.
Nb5 Nb8 36. Bf3 Nc6 37. Bxd5 Nxd4 38. Nd6 e2 39. Bxb7 Qe3+ 40. Kh2 Be5+ 41. Kh1
Qf4 42. g3 Qf1+ 43. Qxf1 Rxf1+ 0-1

[Event "XV Festival B"]
[Site "Padova ITA"]
[Date "2012.12.16"]
[Round "3"]
[White "Menini, Luca"]
[Black "Zavan, Fabrizio"]
[WhiteElo "1697"]
[BlackElo "1534"]
[Result "1-0"]
[PlyCount "33"]
[EventDate "2012.12.15"]

1. e4 c6 2. d4 d5 3. e5 Bf5 4. Nf3 e6 5. a3 c5 6. c4 dxc4 7. Bxc4 cxd4 8. Qxd4
Qxd4 9. Nxd4 a6 10. Nxf5 exf5 11. Be3 Ne7 12. Nc3 Nd7 13. f4 g6 14. Rd1 Nc6 15.
b4 Be7 16. O-O O-O 17. Rxd7 1-0

[Event "XV Festival B"]
[Site "Padova ITA"]
[Date "2012.12.16"]
[Round "3"]
[White "Montoli, Marco"]
[Black "Negro, Raffaele"]
[WhiteElo "1938"]
[BlackElo "1826"]
[Result "1/2-1/2"]
[PlyCount "82"]
[EventDate "2012.12.15"]

1. c4 e5 2. g3 Nc6 3. Nc3 g6 4. Bg2 Bg7 5. d3 d6 6. Nf3 f5 7. O-O Nf6 8. Rb1
O-O 9. b4 a6 10. Qb3 Kh8 11. a4 h6 12. b5 axb5 13. axb5 Ne7 14. Bb2 g5 15. Ra1
Rb8 16. c5 g4 17. cxd6 cxd6 18. Nd2 d5 19. Ba3 Be6 20. Rac1 Re8 21. Na4 b6 22.
Rc2 Nc8 23. Rc6 Bd7 24. Rc2 Na7 25. Bd6 Nxb5 26. Bxb8 Nd4 27. Bc7 Qe7 28. Qa2
Nxc2 29. Bxb6 Qb4 30. Qxc2 Bxa4 31. Rb1 Bxc2 32. Rxb4 Bf8 33. Rb2 Rc8 34. Ba7
Ra8 35. Rxc2 Rxa7 36. h4 Kg7 37. Rb2 Kf7 38. Nf1 Bc5 39. Rb5 Rc7 40. Nd2 Ke6
41. Nb3 Bd6 1/2-1/2

[Event "XV Festival B"]
[Site "Padova ITA"]
[Date "2012.12.16"]
[Round "3"]
[White "Negro, Roberto"]
[Black "Lodici, Lorenzo"]
[WhiteElo "2156"]
[BlackElo "1931"]
[Result "1/2-1/2"]
[PlyCount "46"]
[EventDate "2012.12.15"]

1. d4 d5 2. Nf3 Nf6 3. e3 c5 4. c3 g6 5. Bd3 Nbd7 6. O-O Bg7 7. Ne5 O-O 8. f4
Qc7 9. Nd2 b6 10. Qe1 Bb7 11. Qh4 a6 12. Rf3 Rae8 13. Rh3 h6 14. Nxg6 fxg6 15.
Bxg6 Ra8 16. g4 Kh8 17. g5 Ng8 18. Nf3 Qd6 19. Qh5 Bc8 20. f5 e6 21. gxh6 Bxh6
22. Bd2 exf5 23. Bxf5 Ne7 1/2-1/2

[Event "XV Festival B"]
[Site "Padova ITA"]
[Date "2012.12.16"]
[Round "3"]
[White "Penzo, Amleto"]
[Black "Carraro, Riccardo"]
[WhiteElo "1847"]
[BlackElo "1578"]
[Result "0-1"]
[PlyCount "92"]
[EventDate "2012.12.15"]

1. d4 d5 2. Nf3 Bf5 3. e3 e6 4. c4 c5 5. Nc3 Nf6 6. Qb3 Qb6 7. Qxb6 axb6 8. Be2
Be7 9. O-O O-O 10. cxd5 exd5 11. b3 Nc6 12. a3 Rfd8 13. Na4 cxd4 14. exd4 Na5
15. Nd2 Ne4 16. Nxb6 Nxd2 17. Bxd2 Nxb3 18. Nxa8 Nxa1 19. Rxa1 Rxa8 20. a4 g6
21. Bb5 Bf6 22. Be3 Kf8 23. Rc1 Rc8 24. Rxc8+ Bxc8 25. Kf1 Ke7 26. Ke2 Kd6 27.
Bf4+ Ke6 28. Kd3 g5 29. Be3 h5 30. Kc3 Be7 31. Be2 h4 32. Bg4+ f5 33. Be2 Bd7
34. a5 Bd8 35. Kb4 Be7+ 36. Kb3 Kf6 37. Bd2 Bd6 38. h3 g4 39. hxg4 fxg4 40. Bb4
Bc7 41. Kc2 h3 42. gxh3 gxh3 43. Bf3 Bf5+ 44. Kd2 Be4 45. Ke3 h2 46. a6 bxa6
0-1

[Event "XV Festival B"]
[Site "Padova ITA"]
[Date "2012.12.16"]
[Round "3"]
[White "Pilotto, Alessandro"]
[Black "Belloni, Umberto"]
[WhiteElo "1573"]
[BlackElo "1797"]
[Result "1-0"]
[PlyCount "91"]
[EventDate "2012.12.15"]

1. d4 d5 2. Bf4 Bg4 3. h3 Bh5 4. Nf3 Nd7 5. e3 e6 6. Be2 Bxf3 7. Bxf3 Bd6 8.
Bxd6 cxd6 9. c3 f5 10. Nd2 Nb6 11. Qb3 Qd7 12. Be2 Ne7 13. a4 Nc6 14. a5 Nc8
15. Bb5 N8e7 16. a6 b6 17. Qd1 O-O 18. O-O Qe8 19. Qf3 Qg6 20. Qf4 e5 21. dxe5
dxe5 22. Qh2 Rf6 23. Nf3 f4 24. exf4 Rxf4 25. Nxe5 Nxe5 26. Qxf4 Qh5 27. Rfe1
N7g6 28. Qg3 Rf8 29. Be2 Qf5 30. Bg4 Qf6 31. Re3 h5 32. Bxh5 Nf4 33. Bf3 Nc4
34. Ree1 Nxb2 35. Rab1 Nbd3 36. Re3 Nc5 37. Rbe1 d4 38. cxd4 Qxd4 39. Re7 Ncd3
40. R1e4 Qf6 41. Rxa7 Nc5 42. Ree7 Nce6 43. Bg4 g6 44. Bxe6+ Nxe6 45. Qe3 Nc5
46. Re8 1-0

[Event "XV Festival B"]
[Site "Padova ITA"]
[Date "2012.12.16"]
[Round "3"]
[White "Pisani, Valerio"]
[Black "Benedetti, Maurizio"]
[WhiteElo "1731"]
[BlackElo "1713"]
[Result "1/2-1/2"]
[PlyCount "62"]
[EventDate "2012.12.15"]

1. Nc3 Nf6 2. e4 d6 3. d4 g6 4. Nf3 Bg7 5. h3 O-O 6. Bd3 c6 7. Be3 Nbd7 8. O-O
e5 9. Qd2 exd4 10. Bxd4 Re8 11. Rad1 Ne5 12. Nxe5 dxe5 13. Be3 Be6 14. Bh6 Qc7
15. Qe3 Bxh6 16. Qxh6 Rad8 17. Kh1 Re7 18. g4 Red7 19. f4 exf4 20. Rxf4 Qe5 21.
Rdf1 Ne8 22. h4 Qg7 23. Qg5 b6 24. R4f3 h6 25. Qf4 g5 26. hxg5 Qxg5 27. Qxg5+
hxg5 28. Rg1 f6 29. Rh3 Rh7 30. Rxh7 Kxh7 31. e5+ Kg7 1/2-1/2

[Event "XV Festival B"]
[Site "Padova ITA"]
[Date "2012.12.16"]
[Round "3"]
[White "Quaranta, Gaetano"]
[Black "Simonetto, Andrea"]
[WhiteElo "1815"]
[BlackElo "1489"]
[Result "0-1"]
[PlyCount "68"]
[EventDate "2012.12.15"]

1. d4 d5 2. Nf3 e6 3. e3 c5 4. b3 Nc6 5. Bb2 Qb6 6. Nbd2 Nf6 7. c4 Be7 8. Rc1
cxd4 9. Nxd4 Bc5 10. Nxc6 bxc6 11. Bxf6 gxf6 12. g3 Qa5 13. Qc2 Bb4 14. Bg2 Bd7
15. Rd1 Ke7 16. O-O Bxd2 17. Rxd2 Rac8 18. Rfd1 f5 19. Qb2 f6 20. b4 Qb6 21. a4
Rb8 22. b5 a6 23. Qa3+ Kf7 24. a5 Qb7 25. b6 Rbd8 26. cxd5 cxd5 27. Rxd5 exd5
28. Bxd5+ Be6 29. Rc1 Qxd5 30. Rc7+ Kg6 31. Qe7 Qd1+ 32. Kg2 Bd5+ 33. e4 Bxe4+
34. f3 Qxf3+ 0-1

[Event "XV Festival B"]
[Site "Padova ITA"]
[Date "2012.12.16"]
[Round "3"]
[White "Rodeghiero, Andrea"]
[Black "Kolosov, Antonio"]
[WhiteElo "1989"]
[BlackElo "1386"]
[Result "1-0"]
[PlyCount "85"]
[EventDate "2012.12.15"]

1. c4 c5 2. Nc3 Nc6 3. Nf3 Nf6 4. d4 d6 5. g3 e6 6. Bg2 h6 7. O-O Be7 8. d5 Nb8
9. dxe6 Bxe6 10. b3 a6 11. Ne1 Ra7 12. Nd3 O-O 13. Nf4 Nbd7 14. Nxe6 fxe6 15.
Bh3 e5 16. e4 Nb6 17. a4 Na8 18. Be3 b6 19. Qd3 Nc7 20. Rad1 Nh7 21. f4 Bf6 22.
Nd5 Nxd5 23. Qxd5+ Kh8 24. Qxd6 exf4 25. Qxd8 Bxd8 26. gxf4 Nf6 27. e5 Nh5 28.
Bg4 g6 29. f5 Bg5 30. Bxg5 hxg5 31. Bxh5 gxh5 32. Rd6 Rb7 33. Rh6+ Rh7 34. Rxb6
g4 35. Rxa6 h4 36. Rg6 Rg8 37. Rxg8+ Kxg8 38. Rf4 g3 39. hxg3 hxg3 40. Rg4+ Rg7
41. Rxg7+ Kxg7 42. Kg2 Kf7 43. Kxg3 1-0

[Event "XV Festival B"]
[Site "Padova ITA"]
[Date "2012.12.16"]
[Round "3"]
[White "Rodella, Umberto"]
[Black "Sinato, Fabrizio"]
[WhiteElo "1738"]
[BlackElo "1862"]
[Result "1/2-1/2"]
[PlyCount "140"]
[EventDate "2012.12.15"]

1. d4 Nf6 2. c4 c5 3. d5 b5 4. cxb5 a6 5. e3 g6 6. bxa6 Bg7 7. Nc3 O-O 8. Bd3
Bxa6 9. Bxa6 Nxa6 10. Nf3 d6 11. O-O Qb6 12. Nd2 Rfb8 13. Nc4 Qb7 14. e4 Nd7
15. f4 Nb4 16. Qe2 Nb6 17. Ne3 Na4 18. Qd2 Bd4 19. Rf3 Qa6 20. Nxa4 Qxa4 21. b3
Qb5 22. Bb2 Rxa2 23. Rxa2 Nxa2 24. Bxd4 cxd4 25. Qxa2 dxe3 26. Rxe3 Qc5 27. Kf2
Rb4 28. Qa8+ Kg7 29. Qc6 Qa7 30. Qc3+ Qd4 31. Qxd4+ Rxd4 32. Kf3 Kf8 33. Rc3 f5
34. exf5 gxf5 35. g4 fxg4+ 36. Kxg4 Rxd5 37. Re3 Rd4 38. Kg5 Kf7 39. Rh3 Kg7
40. Kf5 Rd2 41. Re3 Kf7 42. Rh3 e6+ 43. Ke4 Kg6 44. Rg3+ Kf6 45. Rh3 d5+ 46.
Ke3 Rb2 47. Kd4 Kf5 48. Kc3 Rb1 49. Kc2 Rg1 50. Rxh7 Kxf4 51. b4 Ke5 52. b5 Rg8
53. b6 Rb8 54. b7 Kf5 55. Kd3 e5 56. Rg7 Kf6 57. Rd7 Ke6 58. Rc7 Kf6 59. Rd7
Ke6 60. Rh7 Kf6 61. Rh6+ Kg7 62. Rb6 Kf7 63. Ke3 Ke7 64. h4 Kf7 65. h5 Kg7 66.
h6+ Kh7 67. Kd3 Kh8 68. Kc3 Kh7 69. Kb4 e4 70. Kc3 e3 1/2-1/2